Εισαγωγή στη γραμμική 'Αλγεβρα και εφαρμογές

Αποθηκεύτηκε σε:
Λεπτομέρειες βιβλιογραφικής εγγραφής
Κύριοι συγγραφείς: Anton, Howard, Rorres, Chris (Συγγραφέας)
Άλλοι συγγραφείς: Στεφανόπουλος, Ευάγγελος (Επιμελητής έκδοσης)
Μορφή: Βιβλίο
Γλώσσα:Greek
English
Δημοσίευση: Αθήνα : Εκδόσεις Gutenberg, c2021.
Θέματα:
Ετικέτες: Προσθήκη ετικέτας
Δεν υπάρχουν, Καταχωρήστε ετικέτα πρώτοι!

MARC

LEADER 00000cam a2200000 a 4500
001 1/125293
008 220905t2021####gr | ||| |||| ||gre||
020 |a 9789600122466 
040 |a GR-MyUa  |b gre  |c GR-MyUa  |e AACR2 
041 1 |a gre  |h eng 
082 7 |a 512.5  |2 (23) 
100 1 |a Anton, Howard. 
245 1 0 |a Εισαγωγή στη γραμμική 'Αλγεβρα και εφαρμογές /   |c Howard Anton, Chris Rorres ; γενική επιστημονική επιμέλεια Ευάγγελος Στεφανόπουλος ; επιστημονική επιμέλεια Σοφία Δασκαλάκη ... [κ. ά.] ; μετάφραση Κωνσταντίνος Κυρίτσης.  
260 |a Αθήνα :   |b Εκδόσεις Gutenberg,   |c c2021.  
300 |a 1039 σ. :   |b σχέδια, πίν. ;   |c 29 εκ.  
500 |a Τίτλος πρωτοτύπου: Elementary linear Algebra with supplemental applications.  
504 |a Περιέχει ευρετήριο.  
650 0 |a Algebras, Linear. 
700 1 |a Rorres, Chris,  |e aut 
700 1 |a Στεφανόπουλος, Ευάγγελος,  |e edt 
852 |a INST  |b SAMOS  |e 20220905  |h 512.5 ΑΝΤ  |p 005300046789  |q 005300046789  |t BK  |y 0 
970 |a Φιλιππή  |b Φάλη  |z 05-09-2022